Les cultures sur le littoral de la Mediterranee : Provence, Ligurie, Algerie

Saved in:
Bibliographic Details
Main Author: Sauvaigo, Emile 1856-
Other Authors: Naudin, Charles, 1815-1899
Format: Book
Language:French
Published: Paris : J-B. Bailliere, 1894
Series:Bibliotheque des connaissances utiles
Subjects:
Tags: Add Tag
No Tags, Be the first to tag this record!

MARC

LEADER 00000cam a2200000 i 4500
001 1/69374
008 150407s1894 fre d
035 |l 10121522 
040 |a GR-MY-UA  |b gre  |e aacr 
041 0 |a fre 
082 0 |a 581.90982205  |2 (23) 
100 1 |a Sauvaigo, Emile  |d 1856- 
245 1 4 |a Les cultures sur le littoral de la Mediterranee :  |b Provence, Ligurie, Algerie /  |c Emile Sauvaigo ; introduction par Ch. Naudin 
260 |a Paris :   |b J-B. Bailliere,   |c 1894 
300 |a xxiv, 324 σ.;  |b εικ.;  |c 18 εκ. 
490 1 |a Bibliotheque des connaissances utiles 
500 |a Avec 115 figures intercalees dans le texte. 
650 0 0 |a Botany  |x Mediterranean Region. 
651 0 |a France  |x Civilization. 
700 1 |a Naudin, Charles,   |d 1815-1899. 
830 0 |a Bibliotheque des connaissances utiles 
852 |a INST  |b SAMOS  |c MOR  |e 20150407  |h 581.90982205 SAU  |p 005300042100  |q 005300042100  |t NOLOAN  |y 23 
901 |a BIBL3-2015-1 
909 |a Σ  |b 192121 
970 |a ΣΙΤΖΙΜΗ  |b ΓΙΑΣΕΜΗ  |z 2015/04/07